[Event "Titled Tuesday intern op 18th Apr Late"]
[Site "Chess.com INT"]
[Date "2023.04.18"]
[Round "1"]
[White "Adla, Diego Gustavo"]
[Black "Tyagi, Kushan"]
[Result "1-0"]
[WhiteElo "2383"]
[BlackElo "2060"]
[PlyCount "69"]
[EventDate "2023.04.18"]
[EventType "swiss (blitz)"]
[EventRounds "11"]
[EventCountry "USA"]
[SourceTitle "EXT 2024"]
[Source "ChessBase"]
[SourceDate "2023.10.10"]
[SourceVersion "1"]
[SourceVersionDate "2023.10.10"]
[SourceQuality "1"]

1. c4 c5 2. Nf3 Nc6 3. d4 cxd4 4. Nxd4 Nf6 5. Nc3 a6 6. e4 e6 7. Nxc6 dxc6 8. Qxd8+ Kxd8 9. Bf4 Bc5 10. 0-0-0+ Ke7 11. f3 b5 12. Be2 Nd7 13. a3 e5 14. Bd2 Nb6 15. b4 Bd4 16. c5 Nd7 17. Bd3 Nf8 18. Ne2 Ne6 19. Bc2 f6 20. Bb3 Rd8 21. Kc2 Bf2 22. f4 Nd4+ 23. Nxd4 Bxd4 24. h3 Be6 25. Bxe6 Kxe6 26. f5+ Ke7 27. Rhf1 Rd7 28. g4 a5 29. bxa5 Bxc5 30. Bb4 Bd6 31. Rxd6 Rxd6 32. Rd1 Rad8 33. Bc5 g5 34. a6 h6 35. a7 1-0

[Event "Titled Tuesday intern op 18th Apr Early"]
[Site "Chess.com INT"]
[Date "2023.04.18"]
[Round "9"]
[White "Baches Garcia, Guillermo"]
[Black "Tyagi, Kushan"]
[Result "1-0"]
[WhiteElo "2334"]
[BlackElo "2060"]
[PlyCount "67"]
[EventDate "2023.04.18"]
[EventType "swiss (blitz)"]
[EventRounds "11"]
[EventCountry "USA"]
[SourceTitle "EXT 2024"]
[Source "ChessBase"]
[SourceDate "2023.10.10"]
[SourceVersion "1"]
[SourceVersionDate "2023.10.10"]
[SourceQuality "1"]

1. e4 c5 2. Nf3 e6 3. d4 cxd4 4. Nxd4 a6 5. c4 Nf6 6. Nc3 Qc7 7. a3 b6 8. Be3 Bb7 9. f3 d6 10. Be2 Nbd7 11. 0-0 Be7 12. a4 0-0 13. a5 bxa5 14. Nb3 Rac8 15. Nxa5 Ba8 16. Qd2 Rb8 17. Rfc1 Nc5 18. b4 Ncd7 19. Na4 Rfc8 20. Rab1 Bc6 21. Nc3 Nb6 22. Nd5 Bxd5 23. cxd5 Qd7 24. Nc6 Bd8 25. Bxa6 Ra8 26. Bxc8 Rxc8 27. Nxd8 Qxd8 28. Rxc8 Nxc8 29. dxe6 fxe6 30. b5 Nb6 31. Qf2 Nc4 32. b6 Nd7 33. b7 Nb8 34. Ba7 1-0

[Event "Titled Tuesday intern op 18th Apr Late"]
[Site "Chess.com INT"]
[Date "2023.04.18"]
[Round "2"]
[White "Hajiyev, Kanan"]
[Black "Tyagi, Kushan"]
[Result "1-0"]
[WhiteElo "2194"]
[BlackElo "2060"]
[PlyCount "77"]
[EventDate "2023.04.18"]
[EventType "swiss (blitz)"]
[EventRounds "11"]
[EventCountry "USA"]
[SourceTitle "EXT 2024"]
[Source "ChessBase"]
[SourceDate "2023.10.10"]
[SourceVersion "1"]
[SourceVersionDate "2023.10.10"]
[SourceQuality "1"]

1. d4 Nf6 2. Nf3 e6 3. c4 b6 4. Nc3 Bb7 5. g3 Bb4 6. Qc2 Ne4 7. Bd2 f5 8. Bg2 Nxd2 9. Qxd2 0-0 10. 0-0 d6 11. a3 Bxc3 12. Qxc3 Nd7 13. h4 Qe7 14. b4 c5 15. Rfd1 Nf6 16. Nd2 Bxg2 17. Kxg2 e5 18. dxe5 dxe5 19. Nf3 Rfe8 20. e3 Ne4 21. Qb2 f4 22. exf4 exf4 23. g4 Rad8 24. Rxd8 Rxd8 25. Re1 Qb7 26. Qe5 Nd2 27. Qe6+ Kf8 28. Qf5+ Kg8 29. Qxf4 Rf8 30. Qxd2 Qxf3+ 31. Kh2 Qxg4 32. Qd5+ Kh8 33. Qg2 Qxh4+ 34. Kg1 Qxc4 35. Re7 Qc1+ 36. Kh2 Qh6+ 37. Kg1 Rd8 38. Re1 Rf8 39. bxc5 1-0

[Event "Titled Tuesday intern op 18th Apr Early"]
[Site "Chess.com INT"]
[Date "2023.04.18"]
[Round "10"]
[White "Leve, Nitai D"]
[Black "Tyagi, Kushan"]
[Result "1-0"]
[WhiteElo "2128"]
[BlackElo "2060"]
[PlyCount "83"]
[EventDate "2023.04.18"]
[EventType "swiss (blitz)"]
[EventRounds "11"]
[EventCountry "USA"]
[SourceTitle "EXT 2024"]
[Source "ChessBase"]
[SourceDate "2023.10.10"]
[SourceVersion "1"]
[SourceVersionDate "2023.10.10"]
[SourceQuality "1"]

1. e4 c5 2. Nf3 e6 3. d4 cxd4 4. Nxd4 a6 5. Nc3 Qc7 6. Bd3 Nf6 7. 0-0 Bc5 8. Nb3 Be7 9. Qf3 d6 10. Bg5 Nbd7 11. Rad1 b5 12. a3 Bb7 13. Qg3 0-0 14. f4 Kh8 15. Qh4 Rg8 16. Rf3 Bf8 17. Rh3 h6 18. Kh1 e5 19. fxe5 dxe5 20. Rf1 Qb6 21. Nd5 Bxd5 22. exd5 Rc8 23. Bf5 Rc4 24. Qe1 Qd6 25. Nd2 Rd4 26. c3 Rxd5 27. Ne4 Nxe4 28. Bxe4 f6 29. Bxd5 Qxd5 30. Qd2 Qe6 31. Bxh6 gxh6 32. Rxh6+ Kg7 33. Rh3 Kf7 34. Rhf3 Rg6 35. Qf2 Bc5 36. Qe2 Qg4 37. Qd2 Nf8 38. h3 Qe6 39. b4 Bb6 40. Rd3 Nh7 41. Rd6 Qf5 42. Rxf5 1-0

[Event "Titled Tuesday intern op 18th Apr Late"]
[Site "Chess.com INT"]
[Date "2023.04.18"]
[Round "4"]
[White "Santos, Jose Guilherme B Li"]
[Black "Tyagi, Kushan"]
[Result "1-0"]
[WhiteElo "2377"]
[BlackElo "2060"]
[PlyCount "65"]
[EventDate "2023.04.18"]
[EventType "swiss (blitz)"]
[EventRounds "11"]
[EventCountry "USA"]
[SourceTitle "EXT 2024"]
[Source "ChessBase"]
[SourceDate "2023.10.10"]
[SourceVersion "1"]
[SourceVersionDate "2023.10.10"]
[SourceQuality "1"]

1. e4 c5 2. Nf3 e6 3. d4 cxd4 4. Nxd4 a6 5. c4 Nf6 6. Nc3 Qc7 7. Be3 Bb4 8. Qc2 Bxc3+ 9. bxc3 d6 10. Be2 Nbd7 11. Rb1 b6 12. 0-0 Bb7 13. f3 0-0 14. a4 Rac8 15. Nb3 Bc6 16. a5 bxa5 17. Ra1 a4 18. Nd4 Ne5 19. Nxc6 Qxc6 20. Rxa4 Nfd7 21. Qa2 Nc5 22. Bxc5 Qxc5+ 23. Kh1 Qe3 24. Rxa6 Qxc3 25. Rxd6 Nxc4 26. Bxc4 Rxc4 27. Rd7 h5 28. h3 Qe3 29. Rfd1 Kh7 30. Qxc4 Qf2 31. Rf1 Qg3 32. Qc7 Kg6 33. Qxg3+ 1-0

[Event "Titled Tuesday intern op 18th Apr Early"]
[Site "Chess.com INT"]
[Date "2023.04.18"]
[Round "6"]
[White "Tyagi, Kushan"]
[Black "Sanchez, Roberto Daniel"]
[Result "1-0"]
[WhiteElo "2060"]
[BlackElo "1966"]
[PlyCount "61"]
[EventDate "2023.04.18"]
[EventType "swiss (blitz)"]
[EventRounds "11"]
[EventCountry "USA"]
[SourceTitle "EXT 2024"]
[Source "ChessBase"]
[SourceDate "2023.10.10"]
[SourceVersion "1"]
[SourceVersionDate "2023.10.10"]
[SourceQuality "1"]

1. d4 Nf6 2. c4 e6 3. g3 c5 4. d5 b5 5. dxe6 fxe6 6. Bg2 d5 7. cxb5 a6 8. Nc3 Bd6 9. Nf3 0-0 10. 0-0 Ra7 11. e4 d4 12. e5 dxc3 13. exd6 axb5 14. bxc3 Nd5 15. c4 bxc4 16. Ne5 Qf6 17. f4 Rd8 18. Bxd5 exd5 19. Qxd5+ Be6 20. Qxc5 Rb7 21. Be3 Nd7 22. Qc6 Nxe5 23. Qxb7 Ng4 24. Bc5 Rxd6 25. Bxd6 Qd4+ 26. Kg2 Bd5+ 27. Qxd5+ Qxd5+ 28. Rf3 Qxd6 29. Re1 h5 30. h3 Qd2+ 31. Kf1 1-0

[Event "Titled Tuesday intern op 18th Apr Early"]
[Site "Chess.com INT"]
[Date "2023.04.18"]
[Round "11"]
[White "Tyagi, Kushan"]
[Black "Tarnowska, Aleksandra"]
[Result "1-0"]
[WhiteElo "2060"]
[BlackElo "1835"]
[PlyCount "69"]
[EventDate "2023.04.18"]
[EventType "swiss (blitz)"]
[EventRounds "11"]
[EventCountry "USA"]
[SourceTitle "EXT 2024"]
[Source "ChessBase"]
[SourceDate "2023.10.10"]
[SourceVersion "1"]
[SourceVersionDate "2023.10.10"]
[SourceQuality "1"]

1. d4 d5 2. c4 e6 3. Nf3 Nf6 4. g3 Bb4+ 5. Bd2 Be7 6. Bg2 0-0 7. 0-0 dxc4 8. Qc2 c5 9. dxc5 Bxc5 10. Qxc4 Qb6 11. Nc3 Bd7 12. Ne5 Nc6 13. Nxd7 Nxd7 14. Na4 Qd8 15. Bxc6 bxc6 16. Nxc5 Nxc5 17. Bb4 Nd7 18. Bxf8 Nxf8 19. Qxc6 Rc8 20. Qe4 Qb6 21. b3 h6 22. Rac1 Rb8 23. Rfd1 Qa5 24. Rc2 Ng6 25. Rdc1 Rf8 26. Rc8 Qxa2 27. b4 Qa3 28. h4 Ne7 29. Rxf8+ Kxf8 30. Qa8+ Nc8 31. Rxc8+ Ke7 32. Re8+ Kf6 33. Qd8+ Kg6 34. Qd3+ Kf6 35. Qxa3 1-0

[Event "Titled Tuesday intern op 04th Apr Late"]
[Site "Chess.com INT"]
[Date "2023.04.04"]
[Round "4"]
[White "Tyagi, Kushan"]
[Black "Fonseca Manrique, Enrique"]
[Result "1/2-1/2"]
[WhiteElo "2060"]
[BlackElo "2169"]
[PlyCount "101"]
[EventDate "2023.04.04"]
[EventType "swiss (blitz)"]
[EventRounds "11"]
[EventCountry "USA"]
[SourceTitle "EXT 2024"]
[Source "ChessBase"]
[SourceDate "2023.10.10"]
[SourceVersion "1"]
[SourceVersionDate "2023.10.10"]
[SourceQuality "1"]

1. d4 Nf6 2. c4 c5 3. d5 b5 4. cxb5 a6 5. f3 d6 6. e4 g6 7. Na3 Bg7 8. Ne2 0-0 9. Nc3 e6 10. Be2 Bb7 11. 0-0 exd5 12. exd5 Re8 13. Bg5 Nbd7 14. Qd2 Qa5 15. Bc4 Qb4 16. bxa6 Bxa6 17. Bxa6 Rxa6 18. Rfe1 Rb8 19. Re2 Ne5 20. Rae1 h5 21. h3 Qd4+ 22. Qxd4 cxd4 23. Ncb5 d3 24. Rd2 Nxd5 25. f4 Nc4 26. Nxc4 Rxb5 27. Rxd3 f6 28. Re8+ Kf7 29. Rd8 fxg5 30. Nxd6+ Rxd6 31. Rxd6 Nxf4 32. Rd7+ Kg8 33. Rd8+ Kh7 34. R3d7 Rf5 35. Re8 h4 36. Ree7 Nh5 37. a4 Kg8 38. b4 Rf4 39. Rb7 Bd4+ 40. Kh2 Ng3 41. Re8+ Rf8 42. Rxf8+ Kxf8 43. a5 Be5 44. a6 Ne2+ 45. Kh1 Ng3+ 46. Kg1 Bd4+ 47. Kh2 Nf1+ 48. Kh1 Ng3+ 49. Kh2 Nf1+ 50. Kh1 Ng3+ 51. Kh2 1/2-1/2

[Event "Titled Tuesday intern op 7th Mar Early"]
[Site "Chess.com INT"]
[Date "2023.03.07"]
[Round "4"]
[White "Miazhynski, Michael"]
[Black "Tyagi, Kushan"]
[Result "1-0"]
[WhiteElo "2146"]
[BlackElo "2060"]
[PlyCount "99"]
[EventDate "2023.03.07"]
[EventType "swiss (blitz)"]
[EventRounds "11"]
[EventCountry "USA"]
[SourceTitle "EXT 2024"]
[Source "ChessBase"]
[SourceDate "2023.10.10"]
[SourceVersion "1"]
[SourceVersionDate "2023.10.10"]
[SourceQuality "1"]

1. e4 c5 2. Nf3 e6 3. c3 Nf6 4. e5 Nd5 5. d4 cxd4 6. cxd4 b6 7. a3 Bb7 8. Bd3 Be7 9. 0-0 d6 10. Re1 Nd7 11. Nbd2 0-0 12. Ne4 dxe5 13. dxe5 Nc5 14. Nxc5 bxc5 15. Qe2 Rc8 16. h4 Qc7 17. Bg5 c4 18. Bc2 c3 19. Bxe7 Qxe7 20. Bxh7+ Kxh7 21. Ng5+ Kg6 22. Qg4 f5 23. exf6 Nxf6 24. Qg3 cxb2 25. Rab1 Kh6 26. Nxe6 Qxe6 27. Rxe6 Rc1+ 28. Re1 Rxe1+ 29. Rxe1 Rc8 30. Qb3 Rc1 31. Qe3+ Kh7 32. Rxc1 bxc1Q+ 33. Qxc1 Be4 34. Qc7 a6 35. a4 Bd3 36. a5 Bb5 37. f3 Bd3 38. g4 Nd5 39. Qe5 Nf6 40. Kf2 Bb5 41. Kg3 Nd7 42. Qf5+ Kg8 43. h5 Nf8 44. g5 Bd7 45. Qd3 Bb5 46. Qd5+ Kh8 47. Qf7 Nd7 48. g6 Nf6 49. Qf8+ Ng8 50. Kf4 1-0

[Event "Titled Tuesday intern op 28th Feb Late"]
[Site "Chess.com INT"]
[Date "2023.02.28"]
[Round "4"]
[White "Rosen, Eric S"]
[Black "Tyagi, Kushan"]
[Result "1-0"]
[WhiteElo "2356"]
[BlackElo "2060"]
[PlyCount "71"]
[EventDate "2023.02.28"]
[EventType "swiss (blitz)"]
[EventRounds "11"]
[EventCountry "USA"]
[SourceTitle "CBM 213 Extra"]
[Source "ChessBase"]
[SourceDate "2023.05.31"]
[SourceVersion "1"]
[SourceVersionDate "2023.05.31"]
[SourceQuality "1"]

1. d4 Nf6 2. Bf4 d5 3. e3 Bf5 4. Nf3 e6 5. c4 c6 6. Qb3 Qb6 7. c5 Qxb3 8. axb3 Bxb1 9. Rxb1 Nbd7 10. h3 a6 11. b4 Be7 12. Nd2 0-0 13. Nb3 Rfe8 14. Na5 Ra7 15. f3 Bd8 16. Kd2 e5 17. Bh2 exd4 18. exd4 Bxa5 19. bxa5 Raa8 20. Bd3 Nf8 21. Ra1 Ne6 22. Ra4 Rad8 23. Rb4 Rd7 24. Ra1 g6 25. Ra3 Nh5 26. Rab3 Nd8 27. g4 Ng7 28. Be5 Nge6 29. h4 Kf8 30. f4 Ke7 31. f5 Nf8 32. f6+ Ke6 33. g5 h6 34. Bf1 Kf5 35. Bh3+ Ke4 36. Re3# 1-0

[Event "Titled Tuesday intern op 07th Feb Late"]
[Site "Chess.com INT"]
[Date "2023.02.07"]
[Round "1"]
[White "Tyagi, Kushan"]
[Black "Bazeev, German"]
[Result "1-0"]
[WhiteElo "2060"]
[BlackElo "2380"]
[PlyCount "135"]
[EventDate "2023.02.07"]
[EventType "swiss (blitz)"]
[EventRounds "11"]
[EventCountry "USA"]
[SourceTitle "EXT 2024"]
[Source "ChessBase"]
[SourceDate "2023.10.10"]
[SourceVersion "1"]
[SourceVersionDate "2023.10.10"]
[SourceQuality "1"]

1. d4 Nf6 2. c4 e6 3. g3 d5 4. Bg2 Bb4+ 5. Bd2 Be7 6. Nf3 0-0 7. 0-0 c6 8. Qc2 a5 9. Rd1 h6 10. Bf4 Nbd7 11. Nc3 dxc4 12. e4 Nb6 13. Ne5 Bd7 14. Qe2 Rc8 15. Nxc4 Nxc4 16. Qxc4 b5 17. Qe2 Re8 18. Rac1 Bf8 19. h4 Qb6 20. Rc2 a4 21. a3 c5 22. Be3 c4 23. e5 Nh7 24. Ne4 Bc6 25. Qg4 Qb7 26. Bxh6 g6 27. Bxf8 Rxf8 28. Qf4 Bxe4 29. Bxe4 Qe7 30. Kg2 Rfd8 31. h5 g5 32. Qg4 Kh8 33. Rc3 Rg8 34. Bc2 f5 35. exf6 Nxf6 36. Qf3 Nd5 37. Qe4 Rcf8 38. Rf3 Rxf3 39. Qxf3 Rf8 40. Qe4 Qf7 41. Re1 b4 42. Qe5+ Qf6 43. Qxe6 Qxe6 44. Rxe6 c3 45. bxc3 b3 46. Bd3 Nxc3 47. Re5 Rd8 48. Rxg5 Rxd4 49. Bg6 Rd5 50. Rg4 Nb5 51. Rb4 Nc3 52. Rc4 Nd1 53. Rxa4 Rd2 54. Rf4 b2 55. a4 Ne3+ 56. Kh3 Nc2 57. Bxc2 Rxc2 58. Rb4 Rxf2 59. a5 Rf5 60. Kg4 Rxa5 61. Rxb2 Kh7 62. Kh4 Kh6 63. g4 Ra4 64. Rb6+ Kg7 65. h6+ Kh7 66. Kh5 Ra1 67. Rb7+ Kg8 68. g5 1-0

[Event "Titled Tuesday intern op 10th Jan Late"]
[Site "Chess.com INT"]
[Date "2023.01.10"]
[Round "7"]
[White "Tyagi, Kushan"]
[Black "Kleiman, Jake"]
[Result "0-1"]
[WhiteElo "2055"]
[BlackElo "2399"]
[PlyCount "78"]
[EventDate "2023.01.10"]
[EventType "swiss (blitz)"]
[EventRounds "11"]
[EventCountry "USA"]
[SourceTitle "EXT 2024"]
[Source "ChessBase"]
[SourceDate "2023.10.10"]
[SourceVersion "1"]
[SourceVersionDate "2023.10.10"]
[SourceQuality "1"]

1. d4 Nf6 2. c4 e6 3. g3 Bb4+ 4. Bd2 Bxd2+ 5. Nxd2 0-0 6. Bg2 d6 7. e3 e5 8. Ne2 Re8 9. 0-0 c5 10. a3 Nc6 11. Rb1 exd4 12. exd4 Bf5 13. Bxc6 bxc6 14. Rc1 Bd3 15. Re1 Bxe2 16. Rxe2 cxd4 17. c5 dxc5 18. Rxc5 d3 19. Rxe8+ Qxe8 20. Qc1 Rc8 21. Qc3 Qe1+ 22. Nf1 Qe4 23. Rc4 Qf3 24. Rf4 Qe2 25. Rd4 Ne4 26. Qxd3 Qxf2+ 27. Kh1 f5 28. Rd8+ Rxd8 29. Qxd8+ Kf7 30. Qd7+ Kg6 31. Qe6+ Nf6 32. Qc4 h6 33. Qf4 Qxf4 34. gxf4 Nd5 35. Nd2 Nxf4 36. Nc4 Nd3 37. b4 Kf6 38. Kg2 Ke6 39. Kf3 Ne5+ 0-1

[Event "Titled Tuesday intern op 10th Jan Late"]
[Site "Chess.com INT"]
[Date "2023.01.10"]
[Round "9"]
[White "Tyagi, Kushan"]
[Black "Tan, Zhongyi"]
[Result "1-0"]
[WhiteElo "2055"]
[BlackElo "2530"]
[PlyCount "139"]
[EventDate "2023.01.10"]
[EventType "swiss (blitz)"]
[EventRounds "11"]
[EventCountry "USA"]
[SourceTitle "EXT 2024"]
[Source "ChessBase"]
[SourceDate "2023.10.10"]
[SourceVersion "1"]
[SourceVersionDate "2023.10.10"]
[SourceQuality "1"]

1. d4 Nf6 2. c4 e6 3. g3 c5 4. d5 exd5 5. cxd5 g6 6. Nc3 Bg7 7. Nf3 0-0 8. Bg2 d6 9. 0-0 Re8 10. Nd2 a6 11. a4 Nbd7 12. Nc4 Ne5 13. Na3 h6 14. h3 g5 15. e4 Bd7 16. Bd2 Rc8 17. Qc2 c4 18. a5 b5 19. axb6 Qxb6 20. Be3 Qb4 21. Nab1 Nd3 22. Rxa6 Qxb2 23. Qxb2 Nxb2 24. Rxd6 Nd3 25. f4 gxf4 26. gxf4 Re7 27. e5 Ne8 28. Ra6 Bf5 29. d6 Rd7 30. Bc6 Rdd8 31. Kg2 Nb4 32. d7 Bxd7 33. Bxd7 Rxd7 34. Rb6 Nc2 35. Bf2 Rd3 36. Rd1 Rcd8 37. Rxd3 cxd3 38. Nd2 Nc7 39. Rd6 Rxd6 40. exd6 Ne6 41. Nd5 Kf8 42. Kf3 Ke8 43. Ke4 Kd7 44. Kxd3 Na3 45. Ke4 Nb5 46. Nb6+ Kxd6 47. Ndc4+ Kc6 48. Nd5 Nd6+ 49. Nxd6 Kxd6 50. Ne3 Nc5+ 51. Kf3 Ke7 52. Nf5+ Kf6 53. Nxg7 Nd3 54. Bd4+ Kg6 55. Ne8 f5 56. Nd6 Ne1+ 57. Kg3 Nd3 58. Be5 h5 59. h4 Nb4 60. Nc4 Nd5 61. Kf3 Ne7 62. Ne3 Kf7 63. Bd6 Nc8 64. Bc5 Ke6 65. Ke2 Kf6 66. Kd3 Ke6 67. Kd4 Kf6 68. Kd5 Kf7 69. Ke5 Kg6 70. Nxf5 1-0

[Event "Titled Tuesday intern op 20th Sep Late"]
[Site "Chess.com INT"]
[Date "2022.09.20"]
[Round "8"]
[White "Al Tarbosh, Ward"]
[Black "Tyagi, Kushan"]
[Result "0-1"]
[WhiteElo "2156"]
[BlackElo "2055"]
[PlyCount "106"]
[EventDate "2022.09.20"]
[EventType "swiss (blitz)"]
[EventRounds "11"]
[EventCountry "USA"]
[SourceTitle "EXT 2023"]
[Source "ChessBase"]
[SourceDate "2022.10.05"]
[SourceVersion "1"]
[SourceVersionDate "2022.10.05"]
[SourceQuality "1"]

1. e4 c5 2. Nf3 e6 3. d4 cxd4 4. Nxd4 a6 5. Bd3 Bc5 6. Nb3 Be7 7. Qg4 g6 8. Nc3 d6 9. Be3 Nd7 10. Qe2 Qc7 11. f4 h5 12. 0-0-0 Ngf6 13. f5 gxf5 14. exf5 e5 15. Kb1 b5 16. Bg5 Bb7 17. Ne4 d5 18. Nxf6+ Nxf6 19. Rhe1 e4 20. Qe3 0-0-0 21. Bf1 Kb8 22. Nd4 Ng4 23. Qc1 Bxg5 24. Qxg5 Nxh2 25. Qf6 Rhg8 26. Qh6 Rh8 27. Qd2 Rhg8 28. a4 bxa4 29. Qb4 Nxf1 30. Rxf1 Rxg2 31. f6 h4 32. Rh1 Rh8 33. Nf5 h3 34. Nd6 Qxc2+ 35. Ka1 Qb3 36. Qxb7+ Qxb7 37. Nxb7 Kxb7 38. Ka2 Kc6 39. Ka3 h2 40. Kxa4 Rxb2 41. Rc1+ Kd6 42. Ka3 Rg2 43. Rb1 Rh3+ 44. Kb4 Rhg3 45. Ra1 Rb2+ 46. Ka5 e3 47. Kxa6 Rg1 48. Rhxg1 hxg1Q 49. Rxg1 e2 50. Re1 d4 51. Ka5 d3 52. Ka4 d2 53. Rxe2 d1Q+ 0-1

[Event "Pan American Intercollegiate-chT"]
[Site "Dulles"]
[Date "2022.01.08"]
[Round "4.2"]
[White "Tyagi, Kushan"]
[Black "Burke, John M"]
[Result "0-1"]
[WhiteElo "2042"]
[BlackElo "2567"]
[PlyCount "108"]
[EventDate "2022.01.06"]
[EventType "team-swiss"]
[EventRounds "6"]
[EventCountry "USA"]
[SourceTitle "EXT 2023"]
[Source "ChessBase"]
[SourceDate "2022.10.05"]
[SourceVersion "1"]
[SourceVersionDate "2022.10.05"]
[SourceQuality "1"]
[WhiteTeam "Penn Univ"]
[BlackTeam "Webster Univ II"]
[WhiteTeamCountry "USA"]
[BlackTeamCountry "USA"]

1. d4 d5 2. c4 e6 3. Nc3 c6 4. cxd5 exd5 5. Nf3 Bd6 6. Bg5 Ne7 7. e3 Qb6 8. Rb1 h6 9. Bh4 Nf5 10. Bg3 Nxg3 11. hxg3 Nd7 12. Bd3 Nf6 13. Qc2 0-0 14. 0-0 Re8 15. b4 a6 16. Rfc1 Qd8 17. Na4 Ne4 18. Bxe4 dxe4 19. Nd2 h5 20. Nc3 Bf5 21. Nc4 Bc7 22. a4 h4 23. Ne2 Qg5 24. b5 h3 25. bxc6 bxc6 26. Nf4 hxg2 27. Kxg2 Qg4 28. Qd1 Qf3+ 29. Kg1 g5 30. Ng2 Rab8 31. Ne1 Qxd1 32. Rxd1 f6 33. a5 Rb5 34. Rxb5 cxb5 35. Nb6 Bxb6 36. axb6 Rb8 37. Nc2 Rxb6 38. Nb4 a5 39. Nd5 Rb7 40. g4 Bg6 41. Nxf6+ Kg7 42. Nd5 b4 43. Rb1 Bf7 44. Nc3 Rc7 45. Nxe4 Bg6 46. f3 Bxe4 47. fxe4 Rb7 48. e5 b3 49. d5 b2 50. d6 Kf7 51. d7 Ke7 52. e6 a4 53. Rd1 Rb8 54. Kh1 a3 0-1

[Event "US Open-116"]
[Site "Phoenix"]
[Date "2015.08.02"]
[Round "2"]
[White "Tyagi, Kushan"]
[Black "Korba, Nicky"]
[Result "0-1"]
[WhiteElo "2042"]
[BlackElo "2133"]
[PlyCount "74"]
[EventDate "2015.08.01"]
[EventType "swiss"]
[EventRounds "9"]
[EventCountry "USA"]
[SourceTitle "CBM 167 Extra"]
[Source "ChessBase"]
[SourceDate "2015.09.14"]
[SourceVersion "1"]
[SourceVersionDate "2015.09.14"]
[SourceQuality "1"]

1. d4 g6 2. c4 Bg7 3. e4 d6 4. Nc3 c5 5. d5 Nf6 6. Nge2 0-0 7. Ng3 Ne8 8. Be2 Nc7 9. Bg5 b5 10. cxb5 a6 11. bxa6 Bxa6 12. 0-0 Nd7 13. Qd2 Bxe2 14. Ngxe2 Ne5 15. a4 Nc4 16. Qc2 h6 17. Bh4 Na6 18. b3 Nb4 19. Qd1 Na5 20. Rb1 g5 21. Bg3 Rc8 22. f4 c4 23. fxg5 hxg5 24. Qd2 cxb3 25. Qxg5 e6 26. Qg4 exd5 27. exd5 Rc4 28. Rf4 f5 29. Qf3 Qc8 30. Rxc4 Nxc4 31. Qf4 Nd3 32. Qg5 f4 33. Rxb3 Qc5+ 34. Kh1 fxg3 35. hxg3 Nf2+ 36. Kh2 Ne3 37. Ne4 Neg4+ 0-1

[Event "Marshalltown Experts plus op"]
[Site "Marshalltown"]
[Date "2014.02.08"]
[Round "3"]
[White "Gatica, Jose M"]
[Black "Tyagi, Kushan"]
[Result "0-1"]
[WhiteElo "2003"]
[BlackElo "2019"]
[PlyCount "68"]
[EventDate "2014.02.08"]
[EventType "swiss"]
[EventRounds "3"]
[EventCountry "USA"]
[SourceTitle "EXT 2015"]
[Source "ChessBase"]
[SourceDate "2014.11.20"]
[SourceVersion "1"]
[SourceVersionDate "2014.11.20"]
[SourceQuality "1"]

1. Nf3 Nf6 2. c4 c6 3. Nc3 d5 4. e3 e6 5. b3 Nbd7 6. Bb2 a6 7. Qc2 Bd6 8. a3 0-0 9. Rg1 e5 10. g4 e4 11. g5 Ne8 12. Nd4 Ne5 13. f4 exf3 14. 0-0-0 dxc4 15. bxc4 Qe7 16. a4 Ba3 17. Ne4 Bxb2+ 18. Kxb2 b5 19. c5 bxa4 20. Qxa4 Be6 21. Rc1 Bd5 22. d3 Rb8+ 23. Ka1 Bxe4 24. dxe4 Qb7 25. Qa3 Nc7 26. Bc4 Nb5 27. Qa2 Nxd4 28. exd4 Nxc4 29. Rxc4 Qe7 30. Qc2 Rb5 31. Ra4 Rfb8 32. Rxa6 Qb7 33. Ra2 f2 34. Rf1 Rb1+ 0-1

[Event "Marshalltown Experts plus op"]
[Site "Marshalltown"]
[Date "2014.02.08"]
[Round "2"]
[White "Tyagi, Kushan"]
[Black "Madison, Jeremy M"]
[Result "1/2-1/2"]
[WhiteElo "2019"]
[BlackElo "1988"]
[PlyCount "67"]
[EventDate "2014.02.08"]
[EventType "swiss"]
[EventRounds "3"]
[EventCountry "USA"]
[SourceTitle "EXT 2015"]
[Source "ChessBase"]
[SourceDate "2014.11.20"]
[SourceVersion "1"]
[SourceVersionDate "2014.11.20"]
[SourceQuality "1"]

1. d4 c5 2. d5 e5 3. g3 d6 4. Bg2 f5 5. Nc3 Nf6 6. e4 Be7 7. Nge2 0-0 8. 0-0 fxe4 9. Nxe4 Nxe4 10. Bxe4 Bh3 11. Bg2 Bxg2 12. Kxg2 Nd7 13. f4 Bf6 14. fxe5 Bxe5 15. Bf4 Qe7 16. c3 Nb6 17. Qd3 Rae8 18. Bd2 Bf6 19. Nf4 c4 20. Qf3 Be5 21. Rae1 Qf7 22. Rf2 Bxf4 23. Rxe8 Rxe8 24. Bxf4 Nxd5 25. Bxd6 Qxf3+ 26. Rxf3 Ne3+ 27. Kg1 Ng4 28. h3 Nf6 29. Bc5 a6 30. Re3 Kf7 31. Rxe8 Kxe8 32. Bd4 Kf7 33. b3 Ne4 34. Kg2 1/2-1/2